| 000 | 00900ntaaa2200253 4500 | ||
|---|---|---|---|
| 003 | 01 | ||
| 005 | 20251027201850.0 | ||
| 008 | 0714s1973 ag 01 | ||
| 040 |
_aAR-BaBN _bspa _cAR-BaBN _eaacr _dRIC |
||
| 082 | _a248.2000 W99 | ||
| 100 |
_aWyon, Olive _914913 |
||
| 245 | _aDesire for God | ||
| 250 | _a1 ed. | ||
| 260 |
_aLondon : _bCollins, _cc1963 |
||
| 300 | _a126 p | ||
| 500 | _aUn estudio de las tres clásicas espiritualidades y biografía de los autoroes. Francois Fénelon - "Christian Perfection"; John Wesley - "Christian Perfection; Evelyn Underhill - "The Spiritual Life" | ||
| 650 |
_aFénelon, Francois de Salignac de la Mothe (1651-1715) _917137 |
||
| 650 |
_aChristian Perfection _917138 |
||
| 650 |
_aWesley, John (1703-1791) _917139 |
||
| 650 |
_aUnderhill, Evelyn (1875-1941) _917140 |
||
| 650 |
_aSpiritual Life, The _917141 |
||
| 650 | _aVida cristiana | ||
| 942 | _cBK | ||
| 999 |
_c13350 _d13350 |
||